The Survival Kit For Library/ (Record no. 167532)
[ view plain ]
| 000 -LEADER | |
|---|---|
| fixed length control field | 00581nam a22001817a 4500 |
| 005 - DATE AND TIME OF LATEST TRANSACTION | |
| control field | 20191003125124.0 |
| 010 ## - LCCN (DPL NO) | |
| LC control number | ENG-126430 |
| 020 ## - INTERNATIONAL STANDARD BOOK NUMBER | |
| International Standard Book Number | 9788178443195 |
| Terms of availability | 595.00 |
| 035 ## - SYSTEM CONTROL NUMBER | |
| System control number | EN-109962 |
| 037 ## - SOURCE OF ACQUISITION | |
| Source of stock number/acquisition | DBAD/PUB |
| 082 ## - DEWEY DECIMAL CLASSIFICATION NUMBER | |
| Classification number | 025 |
| 100 ## - MAIN ENTRY--PERSONAL NAME | |
| Personal name | Bhatt,R.K. |
| 245 ## - TITLE STATEMENT | |
| Title | The Survival Kit For Library/ |
| Statement of responsibility, etc | By R.K.Bhatt |
| 260 ## - PUBLICATION, DISTRIBUTION, ETC. (IMPRINT) | |
| Name of publisher, distributor, etc | K.K.Publications |
| Date of publication, distribution, etc | 2018 |
| Place of publication, distribution, etc | New Delhi |
| 270 ## - ADDRESS | |
| Electronic mail address | info@kkpublications.com |
| -- | kkdevinder@vsnl.net |
| Address | 4806/24,Bharat Ram Road,Darya Ganj |
| City | New Delhi |
| Telephone number | 011-23285167,65185557 |
| 300 ## - PHYSICAL DESCRIPTION | |
| Extent | xii188p. |
| Dimensions | 25cm.(hb) |
| 942 ## - ADDED ENTRY ELEMENTS (KOHA) | |
| Source of classification or shelving scheme | Dewey Decimal Classification |
| Item type | English Books |
| Classification part | 025 |
| Call number suffix | BHA |
| Withdrawn status | Lost status | Not for loan | Collection code | Home library | Current library | Date acquired | Source of acquisition | Cost, normal purchase price | Full call number | Barcode | Copy number | Cost, replacement price | Koha item type |
|---|---|---|---|---|---|---|---|---|---|---|---|---|---|
| Non-fiction | Ashok Vihar | Ashok Vihar | 06/09/2019 | DBAD/PUB | 595.00 | 025 BHA | EN-109962 | 1 | 595.00 | English Books |
